000 00289nam a22001337a 4500
008 170807b xxu||||| |||| 00| 0 eng d
020 _a9781439081075
041 _aeng
080 _a004
100 _a33
101 _aSHK
245 _aMICROSOFT WINDOWS 7
_cSHELLY,G.B
942 _2udc
_cBK
999 _c22748
_d22748